• 首页
  • 本馆介绍
  • 公告通知
  • 最新文献
  • 馆藏检索
  • 电子资源
  • 读者导购
  • 参考咨询
  • 我的图书馆
  • 登录
  • 详细信息显示
  • 放入我的书架
  • 预约/预借图书
  • 作者相关作品
  • 分类相关作品
  • 丛书相关作品
  • 出版社相关作品

书目信息

  • 表格格式
  • 工作单格式
  • 卡片格式
题名:
学校教育研究方法
    
 
作者: 郑金洲 著
分册:  
出版信息: 北京   教育科学出版社  2003
页数: 288页
开本: 24cm
丛书名: 世纪之交中国基础教育改革研究丛书
单 册:
中图分类: G40-032
科图分类:
主题词: 学校教育--研究方法 , 学校教育 , 研究方法
电子资源:
ISBN: 7-5041-2325-0
000 00991oam2 2200277 450
001 1538352947
005 20150127103925.10
010    @a7-5041-2325-0@dCNY32.00
100    @a20030326d2003 em y0chiy0110 ea
101 0  @achi
102    @aCN@b110000
105    @ay z 000yy
200 1  @a学校教育研究方法@9xue xiao jiao yu yan jiu fang fa@f郑金洲等著
210    @a北京@c教育科学出版社@d2003
215    @a288页@d24cm
225 2  @a世纪之交中国基础教育改革研究丛书
300    @a国家教育部普通高等学校人文社会科学重点研究基地华东师范大学基础教育改革与发展研究所研究项目
330    @a本书是为帮助教师成为研究者而编写,具体讲解了校本与校本研究、学校教育研究的基本概念与类别、教育研究方法的历史考察、如何进行研究设计等内容。
461  0 @12001 @a世纪之交中国基础教育改革研究丛书
606 0  @a学校教育@x研究方法
606 0  @a学校教育
606 0  @a研究方法
690    @aG40-032@v5
701  0 @a郑金洲@9zheng jin zhou@4著
801  0 @aCN@bTSSF@c20150127
905    @aZUCC@dG40-032@eJY1
    
    学校教育研究方法/郑金洲等著.-北京:教育科学出版社,2003
    288页;24cm.-(世纪之交中国基础教育改革研究丛书)
    国家教育部普通高等学校人文社会科学重点研究基地华东师范大学基础教育改革与发展研究所研究项目
    
    ISBN 7-5041-2325-0:CNY32.00
    本书是为帮助教师成为研究者而编写,具体讲解了校本与校本研究、学校教育研究的基本概念与类别、教育研究方法的历史考察、如何进行研究设计等内容。
●
相关链接 在E读中查询图书 在五车中查询图书 在当当中查询图书 在豆瓣中查询图书


正题名:学校教育研究方法     索取号:G40-032/JY1         预约/预借

序号 登录号 条形码 馆藏地/架位号 状态 备注
1 7858924   278589243   学院路分馆/ [索取号:G40-032/JY1] 在馆    
唐山师范学院图书馆 欢迎您!
大连网信软件有限公司© 版权所有